Manual de prevención del consumo de drogas en el ámbito laboral

Na minha lista:
Detalhes bibliográficos
Corporate Authors: CONACE (Author), Consejo Nacional para el Control de Estupefacientes (Author)
Formato: Livro
Idioma:espanhol
Publicado em: Santiago CONACE 2002
Assuntos:
Tags: Adicionar Tag
Sem tags, seja o primeiro a adicionar uma tag!

MARC

LEADER 00000nam a2200000 a 4500
001 UCM9055
003 CL-VaPUC
008 030411e20020000CL |||||||||||||||||spa|d
082 0 4 |a 362.2917  |b CON  |2 21 
110 2 |a CONACE  |e author  |9 475399 
710 2 |a Consejo Nacional para el Control de Estupefacientes  |e author  |9 475400 
245 1 0 |a Manual de prevención del consumo de drogas en el ámbito laboral 
300 |a 95 p 
942 |c BK 
945 |d 20030411 00:00:00  |a vberengu 
260 |a Santiago  |b CONACE  |c 2002 
650 0 |a Drogas  |9 254877 
650 0 |a Consumo de drogas  |9 475401 
583 |a last modification  |c 20030411 00:00:00  |k Rodrigo Vera 
999 |c 303436  |d 303434 
952 |0 0  |1 0  |4 0  |6 362_291700000000000_CON_2002  |7 0  |8 A  |9 364728  |a BIBGIM  |b BIBGIM  |d 2019-11-21  |i 3887324  |o 362.2917 CON 2002  |p 3887324  |r 2025-01-15  |w 2019-11-21  |y BK  |k GIM 
952 |0 0  |1 0  |4 0  |6 362_291700000000000_CON_2002  |7 0  |8 A  |9 364729  |a BIBEDU  |b BIBEDU  |c ES_NOD  |d 2019-11-21  |i 4675703  |o 362.2917 CON 2002  |p 4675703  |r 2023-08-09  |w 2019-11-21  |y BK  |k EPE